书目信息 |
| 题名: |
实用粘接技术460问
|
|
| 作者: | 马长福 编著 | |
| 分册: | ||
| 出版信息: | 北京 金盾出版社 1992.2 |
|
| 页数: | 246页 | |
| 开本: | 20cm | |
| 丛书名: | ||
| 单 册: | ||
| 中图分类: | TG494 | |
| 科图分类: | ||
| 主题词: | 金属--粘接 , 金属--胶接 | |
| 电子资源: | ||
| ISBN: | ||
| 000 | 00568nam0 2200205 45 | |
| 001 | 0312221749 | |
| 005 | 20031222170911.3 | |
| 010 | @dCNY3.30 | |
| 100 | @a20031222d1992 km y0chiy0120 ea | |
| 101 | @achi | |
| 105 | @a z 000yy | |
| 200 | 1 | @a实用粘接技术460问@AShi Yong Nian Jie Ji Shu 460 Wen@f马长福编著@FMa Chang Fu Bian Zhu |
| 210 | @a北京@c金盾出版社@d1992.2 | |
| 215 | @a246页@d20cm | |
| 606 | 0 | @a金属@x粘接 |
| 606 | 0 | @a金属@x胶接 |
| 690 | @aTG494@v3 | |
| 701 | 0 | @a马长福@4编著 |
| 801 | @aCN@bTSTCL@c20031222 | |
| 905 | @a213230@dTG494@e8@b251117-121@f5 | |
| 实用粘接技术460问/马长福编著.-北京:金盾出版社,1992.2 |
| 246页;20cm |
| ISBN :CNY3.30 |
| ● |
| 相关链接 |
|
|
|
|
正题名:实用粘接技术460问
索取号:TG494/8
 
预约/预借
| 序号 | 登录号 | 条形码 | 馆藏地/架位号 | 状态 | 备注 |
| 1 | 0251117 | 001362411 | 第三借阅区/ [索取号:TG494/8] | 在馆 | |
| 2 | 0251118 | 001362331 | 第三借阅区/ [索取号:TG494/8] | 在馆 | |
| 3 | 0251119 | 001362377 | 第三借阅区/ [索取号:TG494/8] | 在馆 | |
| 4 | 0251120 | 001362251 | 第三借阅区/ [索取号:TG494/8] | 在馆 | |
| 5 | 0251121 | 001362297 | 第二样本阅览室/ [索取号:TG494/8] | 在馆 |